000 00475nam a2200181Ia 4500
001 6162
003 IN-NITTTR
005 20251114233016.0
008 251113s9999||||xx |||||||||||||| ||eng||
040 _beng
040 _cIN-NITTTR
041 _aeng
082 _a658.5 I 7 H
245 0 _aHandbook of industrial engineering and management /
_cIreson, Grant W., ed., Grant, Eugene L., ed.
700 _a Grant, Eugene L.
700 _aIreson, Grant W.
942 _2ddc
_cBK
999 _c8800
_d8800